000 01770nam a2200469 i 4500
001 52560
003 KOSZ 005
005 20230119143504.0
008 020806s2006 pl f f |000 0 pol
015 _aPB 2006/19287
020 _a8371993854
040 _aWA N
_cWA N
_dKOSZ 005/HR
046 _k2006
080 _a005.6
080 _a006.3/.8
080 _a658.56
080 _a(075.8)
100 1 _aŁunarski, Jerzy
_d(1937- )
_eAutor
245 1 0 _aSystemy jakości, normalizacji i akredytacji w zarządzaniu organizacjami /
_cJerzy Łunarski.
260 _aRzeszów :
_bOficyna Wydawnicza Politechniki Rzeszowskiej,
_c2006.
300 _a193 s. ;
_c24 cm.
336 _2rdacontent
_aTekst
_btxt
337 _2rdamedia
_aBez urządzenia pośredniczącego
_bn
338 _2rdacarrier
_aWolumin
_bnc
380 _aKsiążki
380 _aPublikacje dydaktyczne
385 _mPoziom nauczania
_aSzkoły wyższe
388 _a2001-
490 1 _aProjektowanie i Wdrażanie Standardowych Systemów Zarządzania.
504 _aBibliogr. s. 192-193.
521 8 _aSkrypt dla studentów Wydziału Budowy Maszyn i Rolnictwa i innych wydziałów do przedmiotów z zakresu zarządzania jakością.
650 4 _aJakość produktu
650 4 _aNormalizacja
650 4 _aCertyfikacja zgodności
650 4 _aZarządzanie jakością
655 4 _aPodręczniki akademickie
658 _aZarządzanie i marketing
710 _aOficyna Wydawnicza Politechniki Rzeszowskiej
_4pbl
856 _uhttp://koha.tu.koszalin.pl/cgi-bin/koha/opac-detail.pl?biblionumber=52560
_yKatalog online BPK
830 0 _aProjektowanie i Wdrażanie Standardowych Systemów Zarządzania
942 _2UKD
_cKS
999 _c52560
_d52560